Perú: el dorado
Guardat en:
| Autors principals: | , , , |
|---|---|
| Format: | Llibre |
| Idioma: | espanyol anglès |
| Publicat: |
Lima
PromPerú
1995
|
| Matèries: | |
| Etiquetes: |
Afegir etiqueta
Sense etiquetes, Sigues el primer a etiquetar aquest registre!
|
MARC
| LEADER | 00000nam a2200000 a 4500 | ||
|---|---|---|---|
| 001 | UCH7158 | ||
| 003 | CL-VaPUC | ||
| 008 | 091109e19950000PE |||||||||||||||||spa|d | ||
| 041 | 0 | 7 | |a spa |2 CL-VaPUC |
| 041 | 0 | 7 | |a eng |2 CL-VaPUC |
| 082 | 0 | 4 | |a 985 |b BOZ |2 21 |
| 100 | 0 | |a Boza, Beatriz |e author |9 543580 | |
| 700 | 0 | |a Denegri, Guillermo |e author |9 543581 | |
| 700 | 0 | |a Burga, Miguel |e author |9 543582 | |
| 700 | 0 | |a Pimentel, Jorge |e author |9 543583 | |
| 245 | 1 | 0 | |a Perú: el dorado |
| 300 | |a 109 p | ||
| 942 | |c BK | ||
| 945 | |d 20091109 00:00:00 |a ccalabra | ||
| 260 | |a Lima |b PromPerú |c 1995 | ||
| 650 | 0 | |a Geografía |9 259346 | |
| 650 | 0 | |a Economía |9 255568 | |
| 650 | 0 | |a Turismo |9 308920 | |
| 650 | 0 | |a Política y gobierno |9 255151 | |
| 650 | 0 | |a Historia de Perú |9 316239 | |
| 651 | 0 | |a Perú |9 256567 | |
| 583 | |a last modification |c 20091109 00:00:00 |k Rodrigo Vera | ||
| 999 | |c 337844 |d 337842 | ||